नमन ओ रास्य चिरसंगिनी / (Record no. 52888)

MARC details
000 -LEADER
fixed length control field 01137nam a22002777a 4500
005 - DATE AND TIME OF LATEST TRANSACTION
control field 20080905121451.0
008 - FIXED-LENGTH DATA ELEMENTS--GENERAL INFORMATION
fixed length control field 110608t xxu||||| |||| 00| 0 hin d
010 ## - LCCN (DPL NO)
LC control number HIN-92923
020 ## - INTERNATIONAL STANDARD BOOK NUMBER
Terms of availability 100.00
035 ## - SYSTEM CONTROL NUMBER
System control number HN-65269
037 ## - SOURCE OF ACQUISITION
Source of stock number/acquisition DBAD / PUB
040 ## - CATALOGING SOURCE
Original cataloging agency DPL
Language of cataloging HN
082 ## - DEWEY DECIMAL CLASSIFICATION NUMBER
Classification number 821.092
100 ## - MAIN ENTRY--PERSONAL NAME
9 (RLIN) 28442
Personal name शर्मा, मनोरमा
245 ## - TITLE STATEMENT
Title नमन ओ रास्य चिरसंगिनी /
Statement of responsibility, etc मनोरमा शर्मा
260 ## - PUBLICATION, DISTRIBUTION, ETC. (IMPRINT)
Place of publication, distribution, etc अजमेर
Name of publisher, distributor, etc शब्द साधना
Date of publication, distribution, etc 2009
270 ## - ADDRESS
Address 59, कचहरी रोड
City अजमेर
Postal code 305001
300 ## - PHYSICAL DESCRIPTION
Extent 94पृ
Dimensions 22सेमी (सजिल्द)
500 ## - GENERAL NOTE
General note समान ISBN 8189454196 शीर्षक 'अजमेर इतिहास और पर्यटन '
650 ## - SUBJECT ADDED ENTRY--TOPICAL TERM
9 (RLIN) 28443
650 ## - SUBJECT ADDED ENTRY--TOPICAL TERM
9 (RLIN) 28455
700 ## - ADDED ENTRY--PERSONAL NAME
9 (RLIN) 28521
700 ## - ADDED ENTRY--PERSONAL NAME
9 (RLIN) 28536
942 ## - ADDED ENTRY ELEMENTS (KOHA)
Institution code [OBSOLETE] dpl
Item type Hindi Books
Source of classification or shelving scheme Dewey Decimal Classification
Call number suffix शर्माम
Classification part 821.092
Holdings
Withdrawn status Lost status Source of classification or shelving scheme Damaged status Not for loan Collection code Home library Current library Date acquired Source of acquisition Cost, normal purchase price Total Checkouts Full call number Barcode Date last seen Copy number Cost, replacement price Koha item type
    Dewey Decimal Classification   Not For Loan Non-fiction D.B.Act.Division D.B.Act.Division 14/06/2011 DBAD / PUB 100.00   821.092 शर्माम HN-65269 14/06/2011 1 100.00 Hindi Books

© Delhi Public Library
Hit Counter
free hit counter